000 00991nas a2200289 4500
001 BR8200941
003 BR-BrBNA
005 20231205085037.0
007 ta
008 230509b bl.|||p| |||| 00| 00por d
040 _aBR-BrBNA
_bpor
_cBiblioteca Nacional de Agricultura
041 _a(Pt)
072 _aH20; H10
100 1 _aBaier, A.C.
245 1 _aEficiencia de fungicidas e inseticidas em trigo e triticale [Triticum aestivum; Triticale hexaploide; Fungo; Alfideo]
246 1 _aFungicides and insecticides efficiency on wheat and triticale [Triticum aestivum; Triticale hexaploide; Fungus; Aphid]
650 _aDoenca de planta
650 _aPraga de planta
650 _aFungicida
650 _aInseticida
650 _aFungo
650 _aAfidio
650 _aControle quimico
773 0 _tPesquisa Agropecuaria Brasileira (Brazil)
_xISSN 0100-204X
_g(Jan 1982), v. 17(1) p. 85-91
_wBR8200941
909 _a202311
_bLúcia
_c55
_dLúcia Elande
942 _2AGRIS
_n0
_cANA
999 _c108856
_d108856